Statistics for Australian Squad FIFA Women's World Cup 2023 Football / Soccer

Click here to take the quiz!

General Stats

  • This quiz has been taken 287 times
  • The average score is 14 of 23

Answer Stats

HintAnswer% Correct
ForwardSam Kerr
99%
ForwardCaitlin Foord
93%
GoalkeeperMackenzie Arnold
93%
MidfieldKyra Cooney-Cross
87%
DefenderSteph Catley
85%
DefenderAlanna Kennedy
80%
DefenderEllie Carpenter
77%
MidfieldKatrina Gorry
76%
ForwardMary Fowler
76%
ForwardHayley Raso
67%
DefenderCharlotte Grant
62%
ForwardCortnee Vine
60%
GoalkeeperLydia Williams
59%
MidfieldEmily van Egmond
53%
DefenderCourtney Nevin
52%
GoalkeeperTeagan Micah
51%
DefenderClare Hunt
47%
DefenderClare Polkinghorne
45%
MidfieldTameka Yallop
39%
MidfieldClare Wheeler
38%
MidfieldAlex Chidiac
30%
ForwardKyah Simon
30%
DefenderAivi Luik
29%

Score Distribution

Percentile by Number Answered

Percent of People with Each Score

Your Score History

You have not taken this quiz